Statystyki dla Kogo to numer - zagraniczny rap #2

Kliknij tutaj aby rozwiązać quiz!

Ogólne statystyki

  • Ten quiz został rozwiązany 17 razy
  • Średni wynik to 6 z 10

Statystyki odpowiedzi

HintOdpowiedź% Poprawnych
NightcrawlerTravis Scott
94%
PRIDE.Kendrick Lamar
76%
Baby PlutoLil Uzi Vert
71%
Black & WhiteJuice WRLD
65%
Fashion KillaA$AP Rocky
59%
MoonKanye West
53%
Matt Hardy 999Trippie Redd
53%
Potato SaladTyler, The Creator, A$AP Rocky
53%
True LoveKanye West
47%
Wyclef JeanYoung Thug
41%

Rozkład punktacji

Percentyl według liczby udzielonych odpowiedzi

Procent ludzi z każdym wynikiem

Twoja historia wyników

Nie rozwiązałeś tego quizu